000 01090nam a22003497a 4500
001 BR7200755
003 BR-BrBNA
005 20230928083814.0
007 ta
008 230509b bl.||||| |||| 00| 0 por d
040 _aBR-BrBNA
_bpor
_cBiblioteca Nacional de Agricultura
041 _a(Por)
072 _aF00
_b1160
_b1220
_b/G514
090 _ 1160 BR7200755
110 1 _aUniversidade Federal do Ceara, Fortaleza (Brasil). Escola de Agronomia. Depto. de Fitotecnia
_911042
245 1 _aPlano de pesquisas sobre o cajueiro [Anacardium occidentale, Ceara, Brasil]
260 3 _aFortaleza, CE (Brasil):
_c1972.
300 _a31 p.
500 _a8 tables. (*) Documento disponível na(o) Universidade Federal do Ceara, Fortaleza (Brazil)
650 _aCAJU
650 _aCASTANHA DE CAJU
650 _aMELHORAMENTO VEGETAL
650 _aSOLO
650 _aPRATICA CULTURAL
650 _aCOLHEITA
650 _aARMAZENAMENTO
650 _aECONOMIA AGRICOLA
650 _aPESQUISA AGRICOLA
650 _aCEARA
909 _a202309
_bLucia
_c55
_dLucia Elande
942 _cBK
999 _c15323
_d15323